| 000 | 00947nam a22003017a 4500 | ||
|---|---|---|---|
| 003 | CHAP | ||
| 005 | 20220329140959.0 | ||
| 008 | 971013s1961 r 00010 d | ||
| 010 | _a60860 | ||
| 011 | _a61832 | ||
| 035 | _a66000 | ||
| 040 | _cCHAP | ||
| 082 |
_a469.36 _bV5 |
||
| 100 | 0 | 0 |
_aViqueira Barreiro, José María. _9119903 |
| 245 | _aDiccionario español-portugués y portugués-español | ||
| 260 |
_aMadrid : _bAguilar, _c1961 |
||
| 300 | _a1230 p. | ||
| 590 |
_aBATCH-UPD _b10 _c20130110 _lUCH01 _h0603 |
||
| 590 |
_aBATCH-UPD _b10 _c20130410 _lUCH01 _h0245 |
||
| 590 |
_aBATCH-UPD _b10 _c20130410 _lUCH01 _h1635 |
||
| 590 |
_aBATCH-UPD _b10 _c20130914 _lUCH01 _h1333 |
||
| 590 |
_aCONVERSION _b10 _c20130109 _lUCH01 _h1333 |
||
| 650 | 1 | 4 |
_aEspañol _xDiccionarios _xPortugués. _937733 |
| 650 | 1 | 4 |
_aPortugués _xDiccionarios _xEspañol. _991027 |
| 901 | _aBK | ||
| 942 | _cLIBRO | ||
| 949 |
_a469.36 V5 _bBC _cC _d-151030 _eC _h10437 _i66000 _si |
||
| 999 |
_c60860 _d60860 |
||